The Lord of the Rings Character Races Quiz - Statistics

General Stats
  • This quiz has been taken 172 times
    161 since last reset
  • The average score is 13 of 15
Answer Stats
Character Race % Correct
Frodo Hobbit
100%
Gimli Dwarf
99%
Legolas Elf
99%
Gandalf Istari
99%
Smaug Dragon
97%
Treebeard Ent
96%
Theoden Man
96%
Shadowfax Mearas
96%
Shelob Ungoliant's Spawn
96%
Azog Orc
95%
Lurtz Uruk-Hai
91%
Durin's Bane Balrog
90%
Gwaihir Eagle
81%
Aragorn Dunedain
57%
Golfimbul Goblin
41%
No matching quizzes found
Score Distribution
Percent of People with Each Score
Percentile by Number Answered
Your Score History
You have not taken this quiz since the last reset